Anatomía humana (Record no. 24392)

MARC details
000 -LEADER
campo de control de longitud fija 00826nam a2200193 i 4500
001 - NÚMERO DE CONTROL
campo de control 24392
003 - IDENTIFICADOR DE NÚMERO DE CONTROL
campo de control ES-MaACL
005 - FECHA Y HORA DE LA ÚLTIMA TRANSACCIÓN
campo de control 20250717091855.0
007 - CAMPO FIJO DE DESCRIPCIÓN FÍSICA--INFORMACIÓN GENERAL
campo de control de longitud fija t|
008 - DATOS DE LONGITUD FIJA--INFORMACIÓN GENERAL
campo de control de longitud fija 021217m19651970sp ||||1| spa d
245 00 - MENCIÓN DEL TÍTULO
Título Anatomía humana
Resto del título : (funcional y aplicativa) /
Mención de responsabilidad, etc. J. Escolar... [et al.].
260 ## - PUBLICACIÓN, DISTRIBUCIÓN, ETC.
Lugar de publicación, distribución, etc. Zaragoza :
Nombre del editor, distribuidor, etc. J. Escolar,
Fecha de publicación, distribución, etc. 1965-70 (
Fabricante Heraldo de Aragón)
300 ## - DESCRIPCIÓN FÍSICA
Extensión 4 v. :
Otras características físicas il. ;
Dimensiones 28 cm.
505 8# - NOTA DE CONTENIDO CON FORMATO
Nota de contenido con formato Contiene: v. 1. [Sin título particular] (326 p.) v. 2. Presoma (parietal y visceral), cabeza (excluyendo el sistema nervioso central y sentidos) (363 p.) v. 3. Sentidos y sistema nervioso central (387 p.) v. 4. Topografía funcional (346 p.)
650 #7 - PUNTO DE ACCESO ADICIONAL DE MATERIA--TÉRMINO DE MATERIA
Término de materia o nombre geográfico como elemento de entrada Anatomía humana
Fuente del encabezamiento o término embne
9 (RLIN) 9801
700 1# - ENTRADA AGREGADA--NOMBRE PERSONAL
Nombre de persona Escolar García, José.
9 (RLIN) 174625
852 ## - LOCALIZACIÓN
Ubicación ES-MaACL
Número de control de estantería P-1057-bis
Sublocalización o colección R.57669
Holdings
Estatus retirado Estado de pérdida Estado de daño No para préstamo Biblioteca de origen Biblioteca actual Ubicación en estantería Fecha de adquisición Fuente de adquisición Total de préstamos Signatura topográfica completa Código de barras Visto por última vez Precio de reemplazo Tipo de ítem Koha
        Biblioteca del Ateneo de Madrid Biblioteca del Ateneo de Madrid Depósito 2 17/01/2008     P-1057-bis 1025150 23/02/2023 23/02/2023 Libro impreso